Counter-Strike Tournament winners in 2025 - Statistics

General Stats
  • This quiz has been taken 11 times
  • The average score is 20 of 24
Answer Stats
Tournament MVP Team % Correct
BLAST Open London 2025 Finals HeavyGod G2
100%
BLAST Bounty 2025 Season 1 Finals donk Spirit
100%
PGL Astana 2025 donk Spirit
100%
IEM Cologne 2025 donk Spirit
100%
BLAST Bounty 2025 Season 2 Finals donk Spirit
100%
Esports World Cup 2025 Techno The MongolZ
86%
IEM Katowice 2025 ZywOo Vitality
86%
ESL Pro League Season 21 ZywOo Vitality
86%
BLAST Open Lisbon 2025 ZywOo Vitality
86%
IEM Melbourne 2025 ZywOo Vitality
86%
BLAST Rivals 2025 Season 1 ZywOo Vitality
86%
IEM Dallas 2025 ZywOo Vitality
86%
BLAST.tv Austin Major 2025 ZywOo Vitality
86%
ESL Pro League Season 22 m0NESY Vitality
86%
StarLadder Budapest Major 2025 ZywOo Vitality
86%
PGL Masters Bucharest 2025 XANTARES Aurora
71%
PGL Bucharest 2025 degster Falcons
71%
FISSURE Playground 2 molodoy FURIA
71%
Thunderpick World Championship 2025 KSCERATO FURIA
71%
IEM Chengdu 2025 molodoy FURIA
71%
BLAST Rivals 2025 Season 2 m0NESY FURIA
71%
CS Asia Championships 2025 latto Legacy
71%
PGL Cluj-Napoca 2025 NiKo MOUZ
71%
FISSURE Playground 1 JamYoung TYLOO
57%
No matching quizzes found
Score Distribution
Percent of People with Each Score
Percentile by Number Answered
Your Score History
You have not taken this quiz